000 00736nam a22002657a 4500
001 BR2013002711
003 BR-BrBNA
005 20230928104154.0
007 ta
008 230509b bl.||||| |||| 00| 0 por d
040 _aBR-BrBNA
_bpor
_cBiblioteca Nacional de Agricultura
041 _a(Por)
072 _aL73
_b4150
090 _ 4150 BR2013002711
100 1 _aFontenele, J.B.V.
110 1 _aCentro Cultural dos Cordelistas do Nordeste, Fortaleza, Ce (Brasil)
_91426
245 1 _aA gripe suína
_bColeção Cordel Sempre Vivo
260 3 _aFortaleza,CE (Brasil):
_c2009.
300 _a8 p.
650 _aGRIPE
650 _aVÍRUS
650 _aDOENÇA ANIMAL
909 _a202309
_bLucia
_c55
_dLucia Elande
942 _cBK
999 _c78499
_d78499